| 000 | 00824nam0a22002531 4500 | ||
|---|---|---|---|
| 001 | rc\3010318 | ||
| 005 | 20250806201015.0 | ||
| 035 | _a(NLR Aleph) 007152893 | ||
| 090 |
_a4659 _c4659 |
||
| 100 | _a20110923d1944 u y0rusy50 ca | ||
| 101 | 0 | _arus | |
| 102 | _aRU | ||
| 105 | _aa z ||||| | ||
| 200 | 1 |
_aПамятка рабочего-протяжника _fА.В. Щеголев |
|
| 210 |
_aМосква _aСвердловск _cМашгиз _d1944 _eМосква |
||
| 215 |
_a76 с. _cил., черт. _d17 см |
||
| 700 | 1 |
_aЩеголев _bА.В. _f1901-1953 _gАнатолий Васильевич |
|
| 801 | 0 |
_aRU _bNLR _gpsbo |
|
| 801 | 1 |
_aRU _bELAR _2rusmarc |
|
| 852 |
_aNLR _jТ36 Г-2/91 |
||
| 942 | _cBOOK | ||
| 945 | _aРоссийская национальная библиотека | ||
| 980 | _aNB | ||
| 980 | _aBV | ||